Country Capitals in the Americas - Statistics

General Stats
  • This quiz has been taken 9 times
  • The average score is 24 of 35
Answer Stats
Country Continent Capital % Correct
Canada NA Ottawa
100%
Chile SA Santiago
100%
United States of America NA Washington D.C.
100%
Colombia SA Bogotá
89%
Brazil SA Brasilia
89%
Argentina SA Buenos Aires
89%
Venezuela SA Caracas
89%
Guatemala NA Guatemala City
89%
Cuba NA Havana
89%
Jamaica NA Kingston
89%
St. Vincent and the Grenadines NA Kingstown
89%
Peru SA Lima
89%
Mexico NA Mexico City
89%
Uruguay SA Montevideo
89%
Panama NA Panama
89%
Ecuador SA Quito
89%
El Salvador NA San Salvador
89%
Bolivia SA Sucre/La Paz
89%
Paraguay SA Asunción
78%
Suriname SA Paramaribo
78%
Haiti NA Port-au-Prince
67%
Costa Rica NA San José
67%
Dominican Republic NA Santo Domingo
67%
Guyana SA Georgetown
56%
Belize NA Belmopan
44%
Grenada NA Saint George's
44%
Honduras NA Tegucigalpa
44%
Barbados NA Bridgetown
33%
Trinidad and Tobago NA Port of Spain
33%
Antigua and Barbuda NA Saint John's
33%
Nicaragua NA Mangua
22%
Bahamas NA Nassau
22%
Dominica NA Roseau
22%
St. Kitts and Nevis NA Basseterre
11%
St. Lucia NA Castries
11%
No matching quizzes found
Score Distribution
Percent of People with Each Score
Percentile by Number Answered
Your Score History
You have not taken this quiz